| 000 | 01013nam a2200301Ia 4500 | ||
|---|---|---|---|
| 001 | Para_8910 | ||
| 003 | CHAP | ||
| 008 | 220125s2004 xx 000 0 und d | ||
| 010 | _a207651 | ||
| 040 | _cCHAP | ||
| 090 | _aPA TESIS 1854 | ||
| 100 |
_aDíaz de León Vázquez, Jesús Manuel _933441 |
||
| 245 |
_aAcopio y almacenamiento de frijol y sus plagas en el estado de Durango / _c por Jesús Manuel Díaz de León Vázquez |
||
| 260 |
_aChapingo, Méx. : _b el autor |
||
| 300 | _a64 h. | ||
| 502 | _aTesis (Ing. Agr. Esp. en Parasitología Agrícola) -- UACh. Departamento Parasitología Agrícola | ||
| 650 |
_aCereales _x almacenamiento _921373 |
||
| 650 |
_aFrijol _x almacenamiento _943322 |
||
| 650 |
_aFrijol _x plagas _943415 |
||
| 710 |
_aUACh. Departamento Parasitología Agrícola _9164025 |
||
| 901 | _aPA TESIS 1854 | ||
| 902 | _aA | ||
| 905 | _a0000002004 dina0000000000 00 | ||
| 910 | _a2004 | ||
| 942 | _cPARA | ||
| 942 |
_cPARA _d1 |
||
| 999 |
_c207651 _d207651 |
||